| 000 | 02037cam a22002534a 4500 | ||
|---|---|---|---|
| 005 | 20250605164103.0 | ||
| 008 | 250528s ||||||||||||||||||||||||d | ||
| 035 | _a17629 | ||
| 020 | _a9789605461812 | ||
| 040 |
_aGR-AtMCL _bgre _dGR-AtMCL _eAACR2 |
||
| 245 | 1 | _aΗ Διατροφή της Mayo Clinic για Διαβητικούς Τύπου 2 / Από τους Ειδικούς στην Απώλεια Βάρους της Mayo Clinic: 2ος Τόμος | |
| 260 |
_bΠεδίο, _c2013 |
||
| 300 | _a144 | ||
| 520 | _aΗ δίαιτα της Mayo Clinic για διαβητικούς σχεδιάστηκε από γιατρούς όλων των ειδικοτήτων, για να σας βοηθήσει να αλλάξετε τρόπο ζωής, ώστε να αποκτήσετε ένα φυσιολογικό βάρος, που μπορείτε να διατηρήσετε για το υπόλοπο της ζωής σας, και να κρατήσει τα επίπεδα του σακχάρου υπό έλεγχο. Εισαγωγή - Διαβητολογικό Κέντρο Τζάνειου Νοσοκομείου, Ο Διαβήτης και η Πυραμίδα, Πώς να Αλλάξετε Συμπεριφορές, Ναι Κύλησα. Τι να Κάνω;, Κάνοντας τα Γεύματα Εύκολα, Παραμείνετε Πιστοί στη Δίαιτα όταν Τρώτε Έξω, Καίγοντας Ακόμα πιο Πολλές Θερμίδες, Οδηγός Δράσης για τα Εμπόδια στην Απώλεια Βάρους, Οι Μερίδες της Πυραμίδας με μια Ματιά, Συνταγές για Απώλεια Βάρους. | ||
| 700 | 1 |
_aHensrud Donald _93818 |
|
| 700 | 1 |
_aNelson Jennifer _93819 |
|
| 700 | 1 |
_aPellman Good Phyllis _93820 |
|
| 700 | 1 |
_aΔρεπανιά Λίλη _93821 |
|
| 700 | 1 |
_aΠαπαχριστοφίλου Παύλος _93822 |
|
| 700 | 1 |
_aΣφυρόερα Σοφία Ν _93823 |
|
| 942 | _cBK | ||
| 999 |
_c3031 _d3031 |
||